AN INTRODUCTION TO POLITICAL THEORY (Record no. 26267)

MARC details
000 -LEADER
fixed length control field 00338nam a22001457a 4500
003 - CONTROL NUMBER IDENTIFIER
control field SGT
020 ## - INTERNATIONAL STANDARD BOOK NUMBER
International Standard Book Number 9781403911126
082 ## - DEWEY DECIMAL CLASSIFICATION NUMBER
Classification number 320.954
Item number A03G
100 ## - MAIN ENTRY--PERSONAL NAME
Personal name GAUBA, O.P
245 ## - TITLE STATEMENT
Title AN INTRODUCTION TO POLITICAL THEORY
260 ## - PUBLICATION, DISTRIBUTION, ETC. (IMPRINT)
Place of publication, distribution, etc INDIA
Name of publisher, distributor, etc MACMILLAN INDIA LTD.
Year of Publication 2003
300 ## - PAGE DESCRIPTION
No. of Pages 509
650 ## - SUBJECT ADDED ENTRY--TOPICAL TERM
Topical term or geographic name as entry element INDIAN POLITICS
942 ## - ADDED ENTRY ELEMENTS (KOHA)
Source of classification or shelving scheme Dewey Decimal Classification
Koha item type Books
Holdings
Withdrawn status Lost status Source of classification or shelving scheme Damaged status Not for loan Home library Current library Shelving location Date acquired Vendor Name Cost, normal purchase price SGTU Total Checkouts Full call number Accession No. (Barcode) Date last seen Bill Date Koha item type
    Dewey Decimal Classification   Not For Loan SGT Chancellor's Library SGT Chancellor's Library Reference Book 24/04/2024 SGT CHANCELLOR'S COLLECTION 275.00 SGTU   320.954 A03G CH494 24/04/2024 24/04/2024 Books